000 00363nam a2200145Ia 4500
008 240624s9999 xx 000 0 und d
041 _aeng
082 _a300.72 DEN
100 _aDENZIN NORMAN K
245 _aSTRATEGIS OF QUALITATIVE INQUIRY
250 _a(4th ed.)
260 _c2013
_aLondon
_bSage
300 _axviii, : 423 : p. : cm. ; 23
365 _c
_b38
999 _c24348
_d24348